| 000 | 01041nam a22003017i 4500 | ||
|---|---|---|---|
| 003 | EG-ScBUE | ||
| 005 | 20221030101518.0 | ||
| 008 | 220731s2022 ua f 000 0 ara d | ||
| 017 | _a2022 / 14346 | ||
| 020 | _a9789777953740 | ||
| 040 |
_aEG-ScBUE _bara _erda _cEG-ScBUE _dEG-ScBUE |
||
| 043 | _af-ua--- | ||
| 082 | 0 | 4 |
_222 _a320.962 _bب د ر |
| 100 | 1 |
_aبدراوي، حسام، _eمؤلف. |
|
| 245 | 1 | 0 |
_aحوارات مع الشباب لجمهورية جديدة / _cد. حسام بدراوي. |
| 250 | _aالطبعة الأولى. | ||
| 264 | 1 |
_aالقاهرة : _bالدار المصرية اللبنانية، _c2022. |
|
| 300 |
_a471 صفحة ؛ _c24 سم |
||
| 336 |
_2rdacontent _aنص _btxt |
||
| 337 |
_2rdamedia _aبدون وسيط _bn |
||
| 338 |
_2rdacarrier _aمجلد _bnc |
||
| 541 |
_cإهداء ؛ _aمكتب رئيس الجامعة. |
||
| 650 | 7 |
_aالشباب _zمصر. _2BUEsh |
|
| 651 | 7 |
_aمصر _xأحوال سياسية. _2BUEsh |
|
| 653 |
_bBUSBOL _cOctober2022 |
||
| 655 | _vReading book | ||
| 942 | _2ddc | ||
| 999 |
_c29938 _d29909 |
||